000
00212nam a22000857a 4500
008
170220b xxu||||| |||| 00| 0 eng d
100
_9
2931
_a
Farmer.N.
245
_a
The Ear, the Eye and the Are
260
_a
London
_c
1994
999
_c
6172
_d
6172